Provinces of Spain - Statistics

General Stats
  • This quiz has been taken 2,573 times
  • The average score is 39 of 52
Answer Stats
Hint Answer % Correct
Barcelona
94%
Seville
93%
Valencia
92%
Madrid
89%
Málaga
88%
Zaragoza
87%
Granada
86%
Córdoba
85%
Cádiz
84%
Girona
81%
Murcia
81%
Toledo
81%
A Coruña
80%
León
80%
Santa Cruz de Tenerife
80%
Alicante
79%
Badajoz
78%
Huelva
78%
Jaén
78%
Tarragona
78%
Almería
77%
Las Palmas
75%
Asturias
74%
Lleida
74%
Valladolid
74%
La Rioja
73%
Salamanca
73%
Navarre
72%
Cáceres
71%
Castellón
71%
Huesca
71%
Burgos
70%
Cantabria
70%
Lugo
70%
Balearic Islands
69%
Ceuta
69%
Melilla
69%
Teruel
69%
Ourense
68%
Pontevedra
68%
Ciudad Real
67%
Segovia
67%
Albacete
66%
Ávila
65%
Cuenca
64%
Guadalajara
64%
Palencia
64%
Álava
63%
Biscay
63%
Zamora
63%
Soria
61%
Guipúzcoa
58%
No matching quizzes found
Score Distribution
Percent of People with Each Score
Percentile by Number Answered
Your Score History
You have not taken this quiz